[Event "Dortmund SuperGM 42nd"]
[Site "Dortmund"]
[Date "2014.07.13"]
[Round "2"]
[White "Baramidze, David"]
[Black "Naiditsch, Arkadij"]
[Result "0-1"]
[WhiteElo "2616"]
[BlackElo "2705"]
[Annotator "Roiz,M"]
[PlyCount "100"]
[EventDate "2014.07.12"]
[EventType "tourn"]
[EventRounds "7"]
[EventCountry "GER"]
[EventCategory "19"]
[SourceTitle "CBM 162"]
[Source "ChessBase"]
[SourceDate "2014.09.17"]
[SourceVersion "1"]
[SourceVersionDate "2014.09.17"]
[SourceQuality "1"]

1. d4 Nf6 2. c4 e6 3. g3 d5 4. Bg2 dxc4 5. Nf3 Nc6 6. Qa4 Nd7 {Arkadij has a
lot of experience in this line of the Catalan, but recently he has mostly been
playing other systems.} 7. Qxc4 Nb6 8. Qd3 (8. Qb5 $5 {is a well-known
alternative.}) 8... e5 9. Nxe5 Nb4 10. Qc3 Qxd4 11. O-O ({Black has decent
compensation in the event of} 11. Qxc7 Be6 12. Bxb7 Rd8 13. Bc6+ Nd7 $44) 11...
Qxc3 12. Nxc3 Bd6 {In this endgame Black has a solid, but rather passive
position.} 13. Nd3 ({A more common retreat may also pose Black some problems:} 
13. Nf3 $5 c6 14. Rd1 Be7 15. a3 N4d5 16. Nxd5 Nxd5 17. e4 (17. Nd4 O-O 18. e4
Nb6 19. b3 {1/2-1/2 Khalifman,A (2667)-Adams,M (2755)/Germany 2001/CBM 082 ext}
) 17... Nb6 18. a4 $14) 13... Nxd3 14. exd3 c6 15. a4 $5 $146 {This novelty
enables White to fight for a small edge in this endgame.} ({Black has no
problems after} 15. Re1+ Be6 16. Bh3 Kd7 17. Bxe6+ fxe6 18. Ne4 Nd5 $11 {
0-1 Ton,T (2209)-Nguyen Van Huy (2505)/Ho Chi Minh City VIE 2012 (66)}) 15...
Be6 ({After} 15... a5 16. Re1+ (16. Be3 Bc7 17. Rfc1 Be6 18. Nb5 Kd7) 16... Be6
17. Bh3 Kd7 18. Bxe6+ fxe6 19. Be3 Nd5 20. Bd4 Rhg8 21. Ne4 $14 {the Pa5 is a
cause of worries.}) 16. a5 Nd5 17. Bxd5 {Exchanging the Catalan bishop makes
Black's life easier.} ({I would definitely prefer} 17. Nxd5 $5 cxd5 18. Be3 O-O
19. Rfc1 Rfd8 20. Bd4 $14) 17... cxd5 $1 {Of course, Black has no need to
exchange the strong light-squared bishop.} (17... Bxd5 18. Nxd5 cxd5 19. Be3 a6
20. Rfc1 $14) 18. Nb5 Bb8 19. Bf4 ({After} 19. a6 b6 20. Bf4 {Black has a
normal position too:} Bxf4 21. gxf4 Kd7 22. Rfc1 Rhc8 23. Rxc8 Kxc8 $11) 19...
Bxf4 20. gxf4 Kd7 21. Rfc1 Rhc8 $11 {The position is about equal now: White
has some weak pawns, but the knight is somewhat better than the bishop.} 22.
Kf1 Rc6 (22... a6 23. Nd4 Rxc1+ 24. Rxc1 Kd6 25. Ke2 Bd7 26. Kd2 $11) 23. Nd4
Bh3+ {Arkadiy is trying to complicate matters.} ({It would be a dead draw after
} 23... Rxc1+ 24. Rxc1 Rc8 25. Rxc8 Kxc8 26. Ke2 $11) 24. Ke2 Rf6 {Avoiding
any exchanges. However, White can make use of the open file now.} (24... Re8+
25. Kf3 Rg6 26. Rg1 Kd6 27. Rg3 $11) 25. Nb5 (25. Kf3 $5 g5 26. Kg3 Rxf4 27.
Nb5 Be6 28. Rc7+ Kd8 29. Rxb7 $132) 25... Re8+ 26. Kf3 a6 {The same strategy.}
({After} 26... Rg6 27. Rg1 {there would be no way to avoid the simplifications
anymore:} Bf5 28. Rxg6 hxg6 29. Ra3 a6 30. Nd4 $11) 27. Rc7+ $2 {Perhaps,
Baramidze had aggressive intentions too...} (27. Nd4 $6 g5 28. Kg3 Rxf4 29. Nb3
Bf5 30. Nc5+ Ke7 31. Nxb7 Bxd3 $15) ({The correct way was:} 27. Nc7 $1 Re5 28.
Ra4 $1 Bf1 (28... Kd8 29. Rb4 $132) 29. Rxf1 Kxc7 30. Rc1+ Kb8 31. Rc5 Rh5 32.
Rd4 $11) 27... Kd8 28. Rxb7 Kc8 $1 {After this strong move David is in trouble.
} ({Of course, not} 28... axb5 $2 29. a6 Bc8 30. Rb8 Kc7 31. a7 Bg4+ 32. Kxg4
Rxb8 33. Rc1+ Kb7 34. axb8=Q+ Kxb8 35. Rc5 $14) 29. Ra7 $6 {White's choice
wasn't easy, but} ({the lesser evil was} 29. Rxf7 axb5 30. Rxg7 Kb8 31. Rxh7
Bf5 32. Rg7 Bxd3 $17) (29. Rb6 axb5 30. Rc1+ Kd7 31. Rb7+ Kd6 32. Rxb5 Rc8 33.
Rb6+ Ke7 34. Re1+ Kd7 $17) 29... Kb8 (29... axb5 $2 30. Ra8+ Kd7 31. Rxe8 Kxe8
32. a6 Bc8 33. a7 Bb7 34. a8=Q+ Bxa8 35. Rxa8+ $11) 30. Ra8+ (30. Nc7 Rc8 31.
Rxa6 Rxc7 32. Rxf6 gxf6 $19) 30... Kxa8 31. Nc7+ Kb7 32. Nxe8 Re6 33. Nxg7 Rg6
$19 {Finally Black wins a piece. The rest is a matter of technique.} 34. Ne8 (
34. Re1 Rxg7 35. Re7+ Kc6 36. Ke3 Kb5 37. Re5 Kxa5 38. Rxd5+ Kb4 $19) 34...
Bg4+ 35. Ke3 (35. Kg3 Bd7+ 36. Kf3 Bxe8 $19) 35... Re6+ 36. Kd4 Rxe8 37. Rg1 ({
Or} 37. Ra3 Bd7 38. Rb3+ Bb5 39. Kxd5 Re2 40. d4 Kc7 41. Rc3+ Kd7 $19) 37... h5
38. Rg3 (38. f3 Bxf3 39. Rg7 Re7 $19) 38... Re2 39. f3 Be6 40. Rg7 (40. f5 Bxf5
41. Rg5 Be6 42. Rxh5 Rxb2 $19) 40... Kc7 41. f5 Bxf5 42. Rxf7+ Bd7 43. h4 Rh2 (
{There was also nothing wrong with} 43... Rxb2 $19) 44. Kxd5 Rxh4 45. d4 Rh2 {
Now the Ph5 will decide the game.} 46. b4 h4 47. Rf6 Re2 $1 {Arkadij finds the
best way.} ({After} 47... h3 $143 48. Rxa6 Re2 49. b5 h2 50. Rh6 Bxb5 51. Kc5
Bd7 52. d5 Bf5 53. Kd4 {it would be more difficult to make progress.}) 48. Rf7
(48. Rxa6 {fails to:} Be6+ $1 49. Rxe6 (49. Kc5 Rc2+ $19) 49... Rxe6 50. Kxe6
h3 $19) 48... h3 49. Rh7 Re3 $1 50. f4 h2 ({White resigns in view of:} 50... h2
51. Rxh2 Be6+ 52. Kc5 Rc3#) 0-1

[Event "Olympiad-43"]
[Site "Batumi"]
[Date "2018.09.25"]
[Round "2.1"]
[White "Sadorra, Julio Catalino"]
[Black "Repka, Christopher"]
[Result "1-0"]
[WhiteElo "2553"]
[BlackElo "2523"]
[Annotator "Sadorra, Julio"]
[PlyCount "73"]
[EventDate "2018.09.24"]
[EventType "team-swiss"]
[EventRounds "11"]
[EventCountry "GEO"]
[SourceTitle "CBM 187"]
[Source "ChessBase"]
[SourceDate "2018.12.11"]
[SourceVersion "1"]
[SourceVersionDate "2018.12.11"]
[SourceQuality "1"]
[WhiteTeam "Philippines"]
[BlackTeam "Slovakia"]
[WhiteTeamCountry "PHI"]
[BlackTeamCountry "SVK"]

1. d4 d5 2. c4 c6 3. Nf3 Nf6 4. Nc3 e6 {This was a surprise for me as my
opponent's main weapons are Nimzo and Classical Slav.} 5. g3 $5 {I've played
various systems here both in sparring matches and tournament play, but I
decided to use an old favorite.} dxc4 6. Bg2 b5 7. Ne5 Nd5 $6 {I somewhat
expected this response during the game as he's never faced the g3 line before.}
({Best of course is} 7... a6 $1 {in which Black is doing well even at the top
level.}) 8. e4 Nxc3 9. bxc3 Bb7 $2 {He played this after a long think, but
it's simply difficult to figure everything out otb in complex middlegame
positions.} ({A better move is} 9... Be7 10. O-O O-O 11. d5 $5 {in which I had
a good experience a few years ago.} f6 (11... Bf6 $142 12. Nxc6 (12. f4 Qb6+
13. Kh1 cxd5) 12... Nxc6 13. dxc6 {but this can be difficult to figure out otb}
Bxc3 14. Rb1 a6 (14... Qxd1 15. Rxd1 a6 (15... b4 16. e5 $1) 16. Ba3) 15. Qc2)
12. Nxc6 Nxc6 13. dxc6 Qxd1 14. Rxd1 e5 15. Rb1 a6 16. Be3 $16 {1-0 (37)
Sadorra,J (2548)-Nguyen,T (2248) Ho Chi Minh City 2015}) 10. Qh5 g6 ({Another
interesting and tricky possibility occurs after} 10... Qe7 11. Bg5 Qc7 12. Bd8
$1 g6 {but things are actually not that simple and White still has to play
accurately, lest Black gets counterplay as what happened in the game:} 13. Qf3
$6 ({Best is} 13. Bxc7 $1 gxh5 14. Nxc4 bxc4 (14... Nd7 15. Rb1 $16) 15. Rb1
$18) 13... Kxd8 14. Qf6+ (14. Nxf7+ Ke8 15. Nxh8 Bg7) 14... Qe7 15. Qxh8 $16 f6
16. Ng4 Nd7 17. e5 {and here Black could've gotten equal chances with} fxe5 $1
(17... f5 18. Nf6 Nxf6 19. Qxf6 Qxf6 20. exf6 $16 {1-0 (32) Miron,L (2524)
-Skawinski,A (2367) Zalakaros 2016}) 18. Nxe5 Nf6 19. Nxc6+ Bxc6 20. Bxc6 Rb8 {
[%cal Gd8c7,Gf8g7] due to the trapped queen.}) 11. Nxg6 $1 {this trick is
simply what my opponent missed which I had learned as well a few years ago.}
fxg6 12. Qe5 Nd7 13. Qxh8 Qe7 {I knew this had to be better for me, but I also
had to be very careful otherwise my queen can get trapped.} 14. h4 Qf7 15. h5
gxh5 16. Bg5 Qg6 (16... c5 17. f4 Qg7 18. Bf3 Nb6 19. Bxh5+ Kd7 20. Qxg7+ Bxg7
21. Bf3 $18 {1-0 (52) Berry,N (2306)-Korneev,O (2567) Edinburgh 2015}) 17. f4
Kf7 18. Bf3 {funnily the database shows that all the moves so far have all
been played before!} Bb4 $5 (18... Bg7 19. Qxa8 Bxa8 20. Bxh5 $18 {is too easy
for White which he eventually converted. 1-0 (49) Jimenez Villena,F (2240)
-Gonzalez de la Torre,S (2365) Burgos 2003}) 19. cxb4 Rxh8 20. Bxh5 h6 21.
O-O-O {I liked this move because it limits Black's active options.} ({At first
I was considering the direct} 21. Bxg6+ Kxg6 22. Kf2 (22. O-O-O Rh7) 22... c5 {
and he can still try to fight back.}) 21... a5 $5 {Giving me a choice and
creating something on the queenside.} ({If} 21... Kg7 {now I gain a tempo from
my previous idea and easily win:} 22. Bxg6 Kxg6 23. Rh4 Rh7 24. Rdh1 $18) 22.
a3 $6 {By being over-cautious, I got some problems which I was trying to avoid.
} ({I first looked at the direct attacking idea} 22. f5 exf5 23. exf5 Qxh5 24.
Rxh5 {but didn't like it due to} Rg8 $5 25. Bxh6 ({What I missed was} 25. Bh4
$1 {[%csl Rf6] logically covering an important square for his knight} axb4 26.
Rxh6 Nb6 27. Re1 Nd5 28. Rh7+ Rg7 29. Rh8 Rg8 30. Rxg8 Kxg8 31. Re8+ $18) 25...
Nf6 {and Black pieces are getting good squares and possible counterplay on the
queenside.}) ({I didn't like} 22. bxa5 {as it frees up his bishop} c5 23. d5
exd5 24. Bxg6+ Kxg6 {but a closer look shows that Black has nothing and I was
simply overestimating his counterchances!} 25. a6 (25. exd5 Rh7 26. Bh4 $18)
25... Ba8 26. exd5 Nb6 27. g4 Nxd5 28. Rh5 $18) 22... axb4 23. axb4 c3 24. Rh2
({My opponent suggested after the game that} 24. Rd3 $1 {would've killed any
chances he was hoping for.} Kg7 25. Bxg6 Kxg6 26. Rxc3) (24. f5 $1 {is once
again strong for the same reason:} exf5 25. exf5 Qxh5 26. Rxh5 Rg8 27. Bh4 $1)
24... Qxh5 25. Rxh5 Ra8 {now at least Black is getting some activity and can
make threats around my king which didn't exist a few moves ago! Even though
engine is still screaming a win for White, things are much different in a real
game where you get see ideas, shifting trends and feel emotions after seeing a
move.} 26. Rxh6 c5 {I still believed that my position has winning chances, but
there's already a little doubt which caused me to be very careful in my
calculations from here on.} 27. d5 exd5 28. Rh7+ Kg6 (28... Ke6 29. f5+ Kd6 30.
Bf4+ Kc6 31. Rh6+) ({During the game I thought most stubborn was} 28... Ke8 29.
exd5 cxb4 (29... Ra1+ 30. Kc2 Rxd1 31. Kxd1 Bxd5 32. Re7+ Kd8 33. Re5+) 30.
Re1+ Kf8 31. Rxd7 (31. Bh6+ $142 Kg8 32. Ree7 $1) 31... Ra1+ 32. Kc2 Rxe1 33.
Rxb7 Re2+ 34. Kd3 Rd2+ 35. Ke3 Rxd5 36. Be7+) 29. Rxd7 cxb4 30. Kc2 ({A simple
winning idea I missed during the game was} 30. Kb1 b3 31. Rh1 $1) 30... Ra2+
31. Kd3 c2 32. Rc1 (32. Rh1 dxe4+ 33. Ke3 ({I rejected} 33. Kd4 {due to the
tactic} c1=Q 34. Rxc1 ({but it's still winning with the help of an
intermediate check!} 34. Rd6+ $1 Kf5 35. Rxc1 Rd2+ 36. Kc5 $18) 34... Rd2+)
33... Ra3+ 34. Ke2 $2 Ra2 35. Ke3 Ra3+ {was a scary line that I saw.}) 32... b3
(32... dxe4+ 33. Kd4 b3 34. Ke5 $18 {[%cal Gc1h1,Rh1h6] which is similar to
the game.}) 33. Rxb7 dxe4+ 34. Kxe4 b2 35. Rh1 Ra4+ 36. Ke5 {I would be lying,
if I didn't think I took pleasure from playing a move that both centralizes my
king and creates a mate threat :D} b1=N 37. Rh6# {With this win, I was able to
help and give confidence to my team to eventually win a tough and tense match
against Slovakia.} 1-0

[Event "Southwest Class-ch 7th"]
[Site "Dallas"]
[Date "2016.02.12"]
[Round "3"]
[White "Sadorra, Julio Catalino"]
[Black "Panchanatham, Vignesh"]
[Result "1-0"]
[WhiteElo "2514"]
[BlackElo "2339"]
[Annotator "Sadorra,J"]
[PlyCount "57"]
[EventDate "2016.02.11"]
[EventType "swiss"]
[EventRounds "9"]
[EventCountry "USA"]
[SourceTitle "CBM 171"]
[Source "ChessBase"]
[SourceDate "2016.03.14"]
[SourceVersion "2"]
[SourceVersionDate "2016.03.14"]
[SourceQuality "1"]

1. d4 d5 2. c4 e6 3. Nf3 c6 (3... Nf6 4. g3 {will be the famous, or infamous,
Catalan, which I think is a great weapon in Open events where there's no time
to prepare in-between rounds.}) 4. Nc3 Nf6 5. g3 {Still aiming for a
Catalan-type setup but here it is better known as the g3 Semi-Slav.} dxc4 6.
Bg2 b5 (6... Nbd7 $5 {is the other way to play this position.} 7. O-O b5 8. e4
{leading to a complex position}) 7. O-O $5 {Attempting to take the game to
positions after 6...Nbd7.} ({After this game, I understood why Ne5 is more
common in GM practice and why Mr. Ris recommends it in is fantastic 60-min
DVD! I have played Ne5 before, but because I had no time to prepare and I
sensed that my opponent prepared something, I played a different line that I
recalled from the DVD.} 7. Ne5 $1 a6 (7... Nd5 8. e4) 8. O-O Bb7 9. b3 $5 {
can lead to the famous Kramnik-Giri, Qatar 2014.}) 7... Bb7 $1 (7... Nbd7 {
transposes to the "other line" discussed by Mr. Ris.} 8. e4 Bb7 9. e5 Nd5 10.
Ng5 {which can be tricky for Black.}) 8. e4 b4 $6 {Fortunately, my opponent
had no prior experience with this system and didn't understand the plans &
nuances of the position.} (8... Be7 $1 {and this is the difference. With the
game's move order, Black can develop in a way that prevents Ng5 ideas. The
games played here even show that Black is safe and can even fight for an
advantage.}) 9. e5 $1 Nd5 {After some time, my opponent sensed the danger and
changed direction.} (9... bxc3 10. exf6 cxb2 (10... Qxf6 11. bxc3 Nd7 12. Ne5
$1 $16 Nxe5 $2 13. dxe5 Qxe5 14. Rb1 $18) 11. Bxb2 Qxf6 12. Ne5 {looks scary
for Black as I have a lead in development and clear targets of attack.}) 10.
Ne4 a5 11. Re1 $1 {I like this move as it keeps more options for me - giving
way to my bishop on f1 and preparing a N idea.} ({During the game, I wasn't
sure if things were ready for the kingside attack} 11. Nfg5 h6 (11... Bc8 12.
Qh5 Ra7 {was also a possible defence, but I missed the idea} 13. Nxh7 $1 $16)
12. Qh5 Qd7 13. Nd6+ Bxd6 14. exd6 Nf6 {and I didn't see a follow-up.}) 11...
Ba6 12. Nfg5 h6 13. Qh5 Qd7 {This was a critical moment for me.} (13... g6 14.
Qh3 {only weakens Black's kingside even more.}) 14. Nd6+ $1 ({The other way was
} 14. Nc5 Bxc5 15. dxc5 Qe7 16. Ne4 Kd7 17. Nd6 Rf8 18. Bd2 Kc7 19. Rac1 (19.
a3 $5) 19... Nd7 {and while I may be better or at least have enough
compensation, Black can still fight on especially with his king now safer on
the queenside.}) 14... Bxd6 15. exd6 Nf6 (15... Qxd6 $4 16. Rxe6+) (15... Kf8
16. Ne4) 16. Qh3 Kf8 (16... O-O {seems to dangerous as one line can show:} 17.
Nf3 Qxd6 18. Bxh6 $1 gxh6 19. Qxh6 Nh7 20. Ng5 Nxg5 21. Qxg5+ Kh7 22. Re4 $18)
17. Bf4 Kg8 {This is Black's idea. By manually getting his king safe, he
pushes back my pieces and gets rid of the dangerous d6-pawn without allowing
any direct tactics.} 18. Nf3 (18. Ne4 Nxe4 19. Rxe4 c3 {Black creates
counterplay while I couldn't see a way to increase pressure on his kingside.})
18... Nd5 19. Ne5 (19. Be5 f6) 19... Nxf4 20. gxf4 Qxd6 21. f5 $1 {Open up the
game to take advantage of the lead in development!} h5 $6 {with the idea of
bringing his king's rook in the game but it's simply too slow.} 22. fxe6 (22.
Nxf7 $2 Kxf7 23. Rxe6 Qxd4 24. Rae1 Ra7 $19 {and Black's got everything
covered.}) 22... Qxe6 23. Qf3 Qf6 24. d5 $1 cxd5 {Not a bad move as Black's
position is already difficult, but it allows White to convert his advantage by
force.} (24... Qxf3 25. Bxf3 cxd5 (25... c5 26. d6 Ra7 27. Bd5 $18) (25... Ra7
26. dxc6 {with a passed c-pawn and Black's pieces still stuck, White has great
winning chances.}) 26. Bxd5 Ra7 27. Nxf7 {is curtains.}) 25. Qxd5 Ra7 26. Nxf7
$1 Qxf7 27. Re8+ Kh7 28. Be4+ g6 29. Qxh5+ {and Black resigns.} 1-0